El enemigo

में बचाया:
ग्रंथसूची विवरण
मुख्य लेखक: Picón, Jacinto Octavio (लेखक)
स्वरूप: पुस्तक
भाषा:स्पेनिश
प्रकाशित: Madrid Renacimiento 1921
श्रृंखला:Obras Completas, 9
विषय:
टैग: टैग जोड़ें
कोई टैग नहीं, इस रिकॉर्ड को टैग करने वाले पहले व्यक्ति बनें!

MARC

LEADER 00000nam a2200000 a 4500
001 UCZ8998
003 CL-VaPUC
008 960126e19210000SP |||||||||||||||||spa|d
082 0 4 |a 863  |b PIC  |2 21 
100 0 |a Picón, Jacinto Octavio  |e author  |9 354262 
245 1 3 |a El enemigo 
300 |a 457 p 
942 |c BK 
945 |d 19960126 00:00:00  |a rleighto 
260 |a Madrid  |b Renacimiento  |c 1921 
650 0 |a Novelas españolas  |9 265052 
583 |a last modification  |c 19960126 00:00:00  |k Rodrigo Vera 
490 0 |a Obras Completas, 9 
999 |c 244646  |d 244644 
952 |0 0  |1 0  |4 0  |6 863_000000000000000_PIC_1921  |7 0  |8 A  |9 258791  |a BIBEDU  |b BIBEDU  |d 2019-11-19  |i 3174050  |o 863 PIC 1921  |p 3174050  |r 2019-11-19  |w 2019-11-19  |y BK  |k LIT